000 00318nam a2200133Ia 4500
005 20251222144630.0
008 251222s9999||||xx |||||||||||||| ||spa||
020 _a84-234-0240-1
082 _a658.159/E79
100 _aEscudero, Laureano
245 0 _aLa Simulación en la Empresa
264 _bDeusto
942 _cLIB
999 _c16283
_d16283